000 00529nam a2200193Ia 4500
005 20250326142254.0
008 250326s9999 xx 000 0 und d
020 _a0 273 64994 9
037 _aTextbook
040 _aFMSL
_beng
_cFMSL
041 _aeng
_2eng
084 _aS:6 P1
_qFMSL
100 _aFreemantle D
_9745851
245 0 _aStimulus factor: new dimension in motivation
_cFreemantle D
260 _aNY
_bNY, Prentice Hall
_c2001
300 _a212p
942 _cTB
_hS:6 P1
999 _c1294233
_d1294233